000 03428nas a22002897a 4500
003 NALT
005 20240807144358.0
006 a|||p|r|||| 00| 0
007 ta
008 240731b th |||p| |||| 00| 0 tha d
022 _a08579776
040 _aNALT
041 _atha
245 0 0 _aกฎหมายสุโขทัยธรรมาธิราช ปีที่ 23 ฉบับที่ 1-2 (มิ.ย.-ธ.ค. 2554)
260 _aพี.เอ.ลิฟวิ่ง จำกัด
310 _aราย 6 เดือน
500 _aวารสารเย็บเล่ม
505 2 _aปีที่ 23 ฉบับที่ 1 มิ.ย. 2554 -- วิธีการจัดเก็บภาษีที่มีประสิทธิภาพ : ข้อเสนอเพื่อการปฏิรูปการหักภาษีเงินได้ ณ ที่จ่าย -- Thai Traditional Medicine Protection (Part II) -- มาตรการปรับค่าคาร์บอนก่อนเข้าพรมแดนและตลาดคาร์บอน : กลไกในการลดภาวะโลกร้อนกับการเตรียมพร้อมของประเทศไทย -- วัวหายล้อมคอก -- พยานวัตถุที่พูดได้ -- ปัญหาทางกฎหมายของกองทุนจัดรูปที่ดินเพื่อพัฒนาพื้นที่ -- ความรับผิดทางอาญาของการลักลอบจูนโทรศัพท์เคลื่อนที่ -- พระราชบัญญัติความ ปลอดภัย อาชีวอนามัยและสภาพแวดล้อมในการทำงาน พ.ศ. 2554 -- พระราชบัญญัติคุ้มครองผู้รับงานไปทำที่บ้าน พ.ศ. 2553.
_aปีที่ 23 ฉบับที่ 2 ธ.ค. 2554 -- สิทธิในทรัพย์สินโดยการแย่งกับการร้องขอให้ศาลสั่งแสดงสิทธินั้น -- ประมาททั้งสองฝ่าย ใครรับผิด? -- สำเนาข้อมูลคอมพิวเตอร์ของผู้อื่น โดยมิชอบ -- รฟท. กับ กทม. ใครมีสิทธิในตลาดนัดจตุจักร -- วิชาชีพนักกฎหมายในต่างประเทศ -- Thailand and Legal Development -- The Concepts and Principles Related to Traditional Knowledge Protection -- Personal Information Protection in EU Electronic Commerce -- พระราชบัญญัติ ป้องกันและบรรเทาสาธารณภัย พ.ศ. 2550.
650 0 _aการจัดเก็บภาษี
_915734
650 0 _aภาษีหัก ณ ที่จ่าย
_927141
850 _aNALT
866 _aปีที่ 23 ฉบับที่ 1 (มิ.ย. 2554)
866 _aปีที่ 23 ฉบับที่ 2 (ธ.ค. 2554)
942 _cBOUND
_2lcc
996 _aaroonthip.c
_bLIBSTF
_c2024-07-31
999 _c105568
_d105568
998 _j179
_k อรุณทิพย์ จันทร์ดิษฐ์